| 000 -CABECERA |
| Longitud fija campo de control |
00848nam a22002415i 4500 |
| 001 - NÚMERO DE CONTROL |
| Número de control |
23675156 |
| 003 - IDENTIFICADOR DEL NÚMERO DE CONTROL |
| Identificador del número de control |
OSt |
| 005 - FECHA Y HORA DE LA ÚLTIMA TRANSACCIÓN |
| Fecha y hora de la última transacción |
20240515110729.0 |
| 008 - CÓDIGOS DE INFORMACIÓN DE LONGITUD FIJA |
| Códigos de información de longitud fija |
240314s2024 sp 000 0 spa |
| 020 ## - NÚMERO INTERNACIONAL NORMALIZADO PARA LIBROS |
| Número Internacional Normalizado para Libros (ISBN) |
9788412628586 |
| 035 ## - NÚMERO DE CONTROL DEL SISTEMA |
| Número de control del sistema |
(SP-BaPL)pu240754913 |
| 040 ## - FUENTE DE LA CATALOGACIÓN |
| Centro catalogador de origen |
DLC |
| Lengua de catalogación |
eng |
| Normas de descripción |
rda |
| Centro transcriptor |
CDMR |
| 042 ## - CÓDIGO DE AUTENTICACIÓN |
| Código de autenticación |
pcc |
| 100 1# - PUNTO DE ACCESO PRINCIPAL-NOMBRE DE PERSONA |
| Nombre de persona |
Moix, Ana María, |
| Fechas asociadas al nombre |
1947-2014. |
| 245 10 - MENCIÓN DE TÍTULO |
| Título |
Conversaciones en el tiempo : |
| Resto del título |
veintinueve entrevistas / |
| Mención de responsabilidad, etc. |
Ana Maria Moix ; [retratos, Colita]. |
| 264 #1 - PRODUCCIÓN, PUBLICACIÓN , DISTRIBUCIÓN, FABRICACIÓN Y COPYRIGHT |
| Lugar de producción, publicación, distribución, fabricación |
[Madrid] : |
| Nombre del productor, editor, distribuidor, fabricante |
Amarillo Editora, |
| Fecha de de producción, publicación, distribución, fabricación o copyright |
2024. |
| 300 ## - DESCRIPCIÓN FÍSICA |
| Extensión |
320 pàgines, [4] pàgines de làmines : |
| Otras características físicas |
il·lustracions ; |
| Dimensiones |
21 cm |
| 505 ## - NOTA DE CONTENIDO CON FORMATO |
| Nota de contenido con formato |
Conté 29 entrevistes publicades al diari Tele/eXprés a principis de la dècada de 1970. |
| 700 0# - PUNTO DE ACCESO ADICIONAL - NOMBRE DE PERSONA |
| Nombre de persona |
Colita |
| 9 (RLIN) |
3026 |
| Fechas asociadas al nombre |
1940-2023 |
| 906 ## - ELEMENTO F DATOS LOCALES, FDL (RLIN) |
| a |
0 |
| b |
ibc |
| c |
origres |
| d |
u |
| e |
ncip |
| f |
20 |
| g |
y-gencatlg |
| 942 ## - ENTRADA DE ELEMENTOS AGREGADOS (KOHA) |
| Fuente de clasificaión o esquema |
|
| Koha [por defecto] tipo de item |
Monografies |